000 00844nam a2200241Ia 4500
003 OSt
005 20220923230930.0
006 a|||||r|||| 00| 0
007 ta
008 220922b |||||||| |||| 00| 0 hin d
024 _a306,646
037 _cTextual
040 _aARTS
_cARTS
_bhin
041 _2hin
_ahin
082 _aO152,1J32:g, H8.1
100 _aव्योहार राजेन्द्र सिंह
_9157127
245 0 _aगोस्वामी तुलसीदास की समन्वय साधना
246 _aGoswāmī tulasīdās kī sahinvaya sādhanā
260 _c1948
650 _aहिन्दी साहित्य
_9156264
942 _hO152,1J32:g, H8.1
_cTEXL
_2CC
999 _c388340
_d388340